[Event "4NCL Division 4 South"]
[Site "Telford, ENG"]
[Date "2018.02.10"]
[Round "5.99"]
[White "Sezer, Steve"]
[Black "Lim, Mark"]
[Result "0-1"]
[WhiteElo "1510"]
[BlackElo "1836"]
[PlyCount "122"]
[EventDate "2018.02.10"]

1. d4 Nf6 2. c4 e6 3. Bg5 d5 4. e3 c6 5. Nc3 Nbd7 6. cxd5 exd5 7. Nf3 Be7 8.
Bd3 O-O 9. O-O Re8 10. Qc2 Nf8 11. Ne2 Ng6 12. Ng3 Ne4 13. Bxe7 Qxe7 14. Nd2 f5
15. Ndxe4 fxe4 16. Be2 Qg5 17. Bh5 Bg4 18. Bxg4 Qxg4 19. Qd1 Qg5 20. Qh5 Qxh5
21. Nxh5 Ne7 22. Nf4 Nc8 23. Rfc1 Nd6 24. b3 Rf8 25. Ne6 Rf6 26. Nc5 Rf7 27.
Ne6 $11 27... Re8 28. Ng5 Rf6 29. Rf1 Nb5 30. Rac1 Ref8 31. f4 exf3 32. Rxf3
Nd6 33. Rcf1 Nf5 34. g4 Nxe3 35. Rxf6 gxf6 36. Ne6 Nxf1 37. Nxf8 Kxf8 38. Kxf1
a5 39. Kf2 Kf7 40. Kf3 Ke6 41. Kf4 b6 42. h4 c5 43. Ke3 c4 44. bxc4 dxc4 45.
Kd2 Kd5 46. Kc3 b5 47. g5 fxg5 48. hxg5 b4+ 49. Kc2 Kxd4 50. g6 hxg6 51. Kc1
Kc3 52. a3 bxa3 53. Kb1 Kb3 54. Ka1 c3 55. Kb1 c2+ 56. Kc1 a2 57. Kd2 a1=Q 58.
Kd3 c1=Q 59. Ke4 Qc5 60. Kf4 Qad4+ 61. Kf3 Qcc3+ 0-1

[Event "4NCL Division 4 South"]
[Site "Telford, ENG"]
[Date "2018.02.10"]
[Round "5.99"]
[White "Willmoth, Kate"]
[Black "Dhemrait, Surjit S"]
[Result "0-1"]
[WhiteElo "1382"]
[BlackElo "1544"]
[PlyCount "140"]
[EventDate "2018.02.10"]

1. d4 d5 2. Nf3 Bf5 3. Bf4 e6 4. e3 c5 5. c4 Qa5+ 6. Nc3 Nf6 7. Be2 Ne4 8. Qb3
cxd4 9. exd4 Bb4 10. Bd2 O-O 11. O-O Nxd2 12. Nxd2 Nc6 13. Nf3 Bg4 14. Rfd1
Rac8 15. cxd5 exd5 16. Nxd5 Rcd8 17. Nxb4 Qxb4 18. Qxb4 Nxb4 19. h3 Bxf3 20.
Bxf3 Nc2 21. Rac1 Nxd4 22. Bxb7 Ne2+ 23. Kf1 Nxc1 24. Rxc1 Rb8 25. Bd5 Rxb2 26.
Rc7 a5 27. Rc5 a4 28. Ra5 Rd8 29. g3 Rd2 30. Bc4 g6 31. Rxa4 R2d4 32. Bb5 Rxa4
33. Bxa4 Ra8 34. Bb3 Rb8 35. Ke1 Kf8 36. Kd2 f5 37. Ke3 Ke7 38. Kf4 Kf6 39. h4
Rb4+ 40. Kf3 h6 41. Kg2 Ke5 42. Kh3 f4 43. Bf7 g5 44. hxg5 hxg5 45. Kg4 fxg3+
46. Kxg3 Rf4 47. Bb3 Rb4 48. f3 Rf4 49. Bd1 Kd4 50. a4 Kc5 51. Bc2 Kb4 52. Bd1
Rd4 53. Bc2 Rd2 54. Bg6 Kxa4 55. Be8+ Kb4 56. Kg4 Rg2+ 57. Kf5 Kc5 58. Bh5 Kd4
59. f4 gxf4 60. Kxf4 Rf2+ 61. Bf3 Rf1 62. Kg4 Ke5 63. Kg3 Ra1 64. Kg2 Kf4 65.
Bh5 Ra2+ 66. Kf1 Ke3 67. Ke1 Ra1+ 68. Bd1 Rb1 69. Kf1 Rxd1+ 70. Kg2 Kf4 0-1

[Event "4NCL Division 4 South"]
[Site "Telford, ENG"]
[Date "2018.02.10"]
[Round "5.99"]
[White "Nettleton, Robin"]
[Black "Savas, Stoica M"]
[Result "0-1"]
[WhiteElo "1525"]
[BlackElo "1330"]
[PlyCount "28"]
[EventDate "2018.02.10"]

1. d4 Nf6 2. Bf4 d5 3. e3 e6 4. c3 c5 5. Nf3 Nc6 6. Bb5 Bd7 7. Ne5 Nxe5 8.
Bxd7+ Nexd7 9. O-O cxd4 10. cxd4 Be7 11. Nd2 O-O 12. Qb3 Qb6 13. Rfc1 Rac8 14.
Rc2 Qxb3 0-1

[Event "4NCL Division 4 South"]
[Site "Telford, ENG"]
[Date "2018.02.10"]
[Round "5.99"]
[White "Norman, Dinah M"]
[Black "Carter, Gavin"]
[Result "1-0"]
[WhiteElo "1702"]
[BlackElo "1270"]
[PlyCount "171"]
[EventDate "2018.02.10"]

1. d4 Nf6 2. Nf3 e6 3. Bg5 c5 4. c3 Nc6 5. e3 Qb6 6. Qc2 cxd4 7. exd4 Be7 8.
Nbd2 Nd5 9. Bxe7 Ncxe7 10. Nc4 Qc7 11. Qd2 Ng6 12. Nce5 Nxe5 13. dxe5 b6 14.
Be2 Bb7 15. O-O O-O-O 16. Rfe1 d6 17. exd6 Rxd6 18. Qg5 f6 19. Qg3 h5 20. Nd4
a6 21. h4 e5 22. Nb3 Nf4 23. Bf1 g6 24. Rad1 Rhd8 25. Rxd6 Rxd6 26. Qe3 Qc6 27.
f3 g5 28. hxg5 fxg5 29. Qxe5 Re6 30. Qh8+ Kc7 31. Rxe6 Nxe6 32. Qxh5 Qd7 33.
Qg4 Qd6 34. Nd4 Nxd4 35. Qxd4 Qc5 36. Qxc5+ bxc5 37. Kf2 Kd6 38. Bc4 Ke5 39. g3
a5 40. a3 Bc6 41. Ke3 Bd7 42. b4 axb4 43. cxb4 cxb4 44. axb4 Bc6 45. b5 Bb7 46.
f4+ gxf4+ 47. gxf4+ Kf5 48. Bd3+ Kf6 49. Kd4 Ke6 50. Kc5 Kd7 51. Kb6 Bf3 52.
Ka7 Kc7 53. b6+ Kc8 54. Bf5+ Kd8 55. b7 Bxb7 56. Kxb7 Ke7 57. Kc7 Kf6 58. Bc8
Ke7 59. f5 Ke8 60. Kd6 Kf7 61. Ke5 Ke7 62. Be6 Kf8 63. Kf6 Ke8 64. Kg7 Ke7 65.
Bb3 Kd6 66. f6 Kd7 67. f7 Kd6 68. f8=Q+ Ke5 69. Qf6+ Ke4 70. Kg6 Kd3 71. Kg5
Ke3 72. Qf4+ Kd3 73. Kg4 Kc3 74. Bd5 Kd3 75. Kg3 Ke2 76. Qf3+ Kd2 77. Kf2 Kc2
78. Be4+ Kc1 79. Qe3+ Kb2 80. Qd3 Ka2 81. Bd5+ Kb2 82. Ke2 Kc1 83. Qc3+ Kb1 84.
Be4+ Ka2 85. Qb4 Ka1 86. Qb1# 1-0

[Event "4NCL Division 4 South"]
[Site "Telford, ENG"]
[Date "2018.02.10"]
[Round "5.99"]
[White "Wolstenholme, Otis"]
[Black "Carter, Dominic A"]
[Result "1-0"]
[WhiteElo "1277"]
[BlackElo "1663"]
[PlyCount "77"]
[EventDate "2018.02.10"]

1. c4 e5 2. g3 Nc6 3. Bg2 Nf6 4. Nc3 Bc5 5. e3 O-O 6. Nge2 Re8 7. O-O a6 8. a3
d6 9. b4 Ba7 10. h3 Rb8 11. Bb2 Bf5 12. d3 Ne7 13. a4 Qd7 14. Kh2 h6 15. a5 Nh7
16. e4 Be6 17. Nd5 Ng5 18. h4 Nh7 19. Bc1 c6 20. Nb6 Bxb6 21. axb6 c5 22. Rb1
Rf8 23. f4 cxb4 24. f5 Nxf5 25. exf5 Bxf5 26. Rxb4 Be6 27. Nc3 Nf6 28. Nd5 Ng4+
29. Kg1 Bxd5 30. Bxd5 Qc8 31. Qf3 Qc5+ 32. Kg2 Qxb4 33. Qxg4 Qc3 34. Bxh6 e4
35. Bxe4 Rbe8 36. d4 g6 37. Bxg6 Re2+ 38. Kh3 Re6 39. Bh7+ 1-0

[Event "4NCL Division 4 South"]
[Site "Telford, ENG"]
[Date "2018.02.10"]
[Round "5.99"]
[White "Goldsmith, Rory"]
[Black "Wolstenholme, Scarlet"]
[Result "1-0"]
[WhiteElo "1690"]
[BlackElo "1255"]
[PlyCount "79"]
[EventDate "2018.02.10"]

1. c4 e5 2. Nc3 Nf6 3. Nf3 Nc6 4. a3 Be7 5. e3 d6 6. b4 a6 7. Be2 Bd7 8. d4 O-O
9. O-O e4 10. Nd2 Qc8 11. Ndxe4 Nxe4 12. Nxe4 Bf5 13. Ng3 Na7 14. Bf3 c6 15. e4
Bd7 16. Qe2 b5 17. c5 Be6 18. d5 Bd7 19. cxd6 Bxd6 20. e5 Re8 21. Bb2 cxd5 22.
Bxd5 Be6 23. Bxa8 Bc4 24. Qc2 Bxe5 25. Bxe5 Qxa8 26. Rfe1 Bd5 27. f3 Rc8 28.
Qd2 Bb3 29. Qb2 Rc2 30. Qxb3 Qc6 31. Rad1 Qe8 32. Qxc2 Nc6 33. Ba1 Qf8 34. Qxc6
a5 35. Re8 h6 36. Rxf8+ Kxf8 37. Qd7 Kg8 38. Qf5 g6 39. Rd8+ Kh7 40. Rh8# 1-0

[Event "4NCL Division 4 South"]
[Site "Telford, ENG"]
[Date "2018.02.10"]
[Round "5.99"]
[White "Carter, Rebecca"]
[Black "Balakrishnan, Kathirvel"]
[Result "0-1"]
[WhiteElo "1187"]
[BlackElo "1586"]
[PlyCount "94"]
[EventDate "2018.02.10"]

1. e4 e6 2. d4 d5 3. e5 c5 4. c3 Nc6 5. Nf3 Bd7 6. Bd3 Qb6 7. Bc2 cxd4 8. cxd4
Be7 9. Nc3 f6 10. O-O fxe5 11. dxe5 a6 12. a3 h6 13. Rb1 Qc7 14. Re1 O-O-O 15.
b4 Na7 16. Na4 Kb8 17. Be3 Bxa4 18. Bxa4 Bg5 19. Nxg5 hxg5 20. Bxg5 Rf8 21. Be3
Ka8 22. Qd4 b5 23. Bb3 Ne7 24. Rbc1 Qb7 25. Rc2 Nf5 26. Qg4 Nxe3 27. Rxe3 Qd7
28. Rec3 Rc8 29. Rxc8+ Rxc8 30. Rxc8+ Nxc8 31. h3 Nb6 32. Qd4 Kb7 33. Bd1 Nc4
34. Qc3 d4 35. Qg3 d3 36. Kf1 Nxa3 37. Ke1 Nc2+ 38. Kd2 Nxb4 39. Bf3+ Kb6 40.
Be4 a5 41. Bxd3 Qxd3+ 42. Qxd3 Nxd3 43. Kxd3 Kc5 44. f4 b4 45. g4 Kd5 46. h4 a4
47. Kc2 Ke4 0-1

[Event "4NCL Division 4 South"]
[Site "Telford, ENG"]
[Date "2018.02.10"]
[Round "5.99"]
[White "Ryan, John"]
[Black "Vaidya, Pranav"]
[Result "1-0"]
[WhiteElo "1532"]
[BlackElo "820"]
[PlyCount "103"]
[EventDate "2018.02.10"]

1. d4 d5 2. Nf3 Bg4 3. Bf4 Nc6 4. c3 Nf6 5. e3 e6 6. h3 Bf5 7. Qa4 a6 8. Ne5 b5
9. Bxb5 axb5 10. Qxb5 Qd6 11. Nxf7 Qd7 12. Ne5 Rb8 13. Qxb8+ Nxb8 14. Nxd7 Kxd7
15. Nd2 Na6 16. Nf3 c5 17. Ne5+ Kc8 18. Nf7 Rg8 19. dxc5 Bxc5 20. Nd6+ Kd7 21.
Nxf5 exf5 22. Rd1 Kc6 23. Be5 Ne4 24. Bd4 Bd6 25. Ke2 f4 26. Rhg1 g5 27. Rb1 h5
28. b4 Nc7 29. a4 Kd7 30. b5 g4 31. hxg4 hxg4 32. Rh1 f3+ 33. gxf3 gxf3+ 34.
Ke1 Rg2 35. Rf1 Ne6 36. b6 Kc8 37. a5 Kb8 38. a6 Nd8 39. a7+ Ka8 40. Rb5 Rg5
41. Rh1 Rg2 42. Rf1 Rg5 43. Rb2 Ba3 44. Rc2 Nb7 45. Rh1 Nd8 46. Kf1 Rg8 47. Rh7
Nc5 48. Ra2 Na4 49. Rxa3 Nxb6 50. Bxb6 Nc6 51. Bd4 Nd8 52. Rh8 1-0

[Event "4NCL Division 4 South"]
[Site "Telford, ENG"]
[Date "2018.02.10"]
[Round "5.99"]
[White "Stoica, Horace"]
[Black "Rowles, Sarah"]
[Result "0-1"]
[WhiteElo "775"]
[BlackElo "1514"]
[PlyCount "86"]
[EventDate "2018.02.10"]

1. e4 c5 2. Nf3 Nc6 3. c3 Nf6 4. d4 cxd4 5. cxd4 Qa5+ 6. Bd2 Qb6 7. Qc2 Nxd4 8.
Nxd4 Qxd4 9. Nc3 e6 10. Nb5 Qe5 11. Nc7+ Kd8 12. Nxa8 Nxe4 13. Qc7+ Qxc7 14.
Nxc7 Nxd2 15. Kxd2 Kxc7 16. a3 g6 17. b4 d5 18. g4 Bh6+ 19. Kc2 Kd6 20. h4 Bf4
21. g5 Bd7 22. a4 Rc8+ 23. Kd1 e5 24. Bh3 Be6 25. Bxe6 fxe6 26. Ke2 e4 27. a5
Rc2+ 28. Kf1 e3 29. fxe3 Bxe3 30. Rh3 Bf4 31. Rf3 e5 32. a6 b5 33. Raa3 Rc4 34.
Rac3 Rxb4 35. Rc8 Rb1+ 36. Kg2 Rb2+ 37. Rf2 Rxf2+ 38. Kxf2 Kd7 39. Ra8 Kc6 40.
Rb8 e4 41. Rb7 Bc7 42. Rxa7 Bb6+ 43. Ke2 Bxa7 0-1